000 01886nam a2200265 a 4500
001 16533623
008 210414s2012 ||||||||||||||||| || u
010 _a2010046454
020 _a9781412956406
020 _a9781412956406 (pbk.)
050 _aHV 6626.2 Buz
100 _aBuzawa, Carl G
245 1 0 _aResponding to domestic violence : the integration of criminal justice and human services (4th edition)
_cBy Eve S. Buzawa, Carl G. Buzawa, Evan Stark.
250 _a4th ed.
260 _aThousand Oaks, Calif
_bSAGE Publications
_c2012
300 _a478 p. : ill
500 _aRev. ed. of: Domestic violence. 3rd ed. c2003. Includes bibliographical references and index.
505 _aIntroduction : the role and context of agency responses to domestic violence -- The scope of the problem : defining and measuring domestic violence -- Matters of history, faith, and society -- Theoretical explanations for domestic violence -- Selective screening : barriers to intervention -- The impetus for change -- The evolution of arrest preferences : criminalizing the societal response -- Variations in arrest practices -- The role of state and federal legislation -- Case prosecution : the journey from a roadblock to a change agent -- Civil courts and the role of restraining orders -- Models for judicial intervention -- Community-based and court-sponsored diversions -- Domestic violence, health, and the health system response -- Domestic violence, children, and the institutional response.
650 0 _aWIFE ABUSE--UNITED STATES
650 0 _aFAMILY VIOLENCE--UNITED STATES-- PREVENTION
650 0 _aCRIMINAL JUSTICE, ADMINISTRATION OF--UNITED STATES
700 _aStark, Evan
700 _aBuzawa, Eve S
995 _FCBU-MAIN LIBRARY (Kitwe)
_M1
_UAVAILABLE
_WApr 14, 2021
_ZMain Library Open Access Collection
999 _c56387
_d56387